Air & flying : (Record no. 9326)

MARC details
000 -LEADER
fixed length control field 00978nam a22003017a 4500
001 - CONTROL NUMBER
control field 9326
003 - CONTROL NUMBER IDENTIFIER
control field FISKH
005 - DATE AND TIME OF LATEST TRANSACTION
control field 20251211085112.0
008 - FIXED-LENGTH DATA ELEMENTS--GENERAL INFORMATION
fixed length control field 251211b cb ||||| |||| 00| 0 eng d
020 ## - INTERNATIONAL STANDARD BOOK NUMBER
International Standard Book Number 9780751649161
040 ## - CATALOGING SOURCE
Original cataloging agency FISKH
Language of cataloging eng
Transcribing agency FISKH
Modifying agency FISKH
050 ## - LIBRARY OF CONGRESS CALL NUMBER
Classification number TL570.E79
082 ## - DEWEY DECIMAL CLASSIFICATION NUMBER
Classification number 621.132
100 ## - MAIN ENTRY--PERSONAL NAME
Personal name Evans, David
Relator term Author
245 ## - TITLE STATEMENT
Title Air & flying :
Remainder of title Let's explore science /
Statement of responsibility, etc. David Evans and Claudette Williams
260 ## - PUBLICATION, DISTRIBUTION, ETC.
Place of publication, distribution, etc. London :
Name of publisher, distributor, etc. Dorling Kindersley Education ,
Date of publication, distribution, etc. 1993
300 ## - PHYSICAL DESCRIPTION
Extent 29 pages :
Other physical details photographs ;
Dimensions 25 cm
490 ## - SERIES STATEMENT
Series statement Let's explore science
505 ## - FORMATTED CONTENTS NOTE
Formatted contents note J<br/>
520 ## - SUMMARY, ETC.
Summary, etc. Includes activities that explore the properties of air, such as how it feels, how it moves, and how it keeps things airborne.
521 8# - TARGET AUDIENCE NOTE
Target audience note 500<br/>
Source Lexile estimate<br/>
521 8# - TARGET AUDIENCE NOTE
Target audience note J<br/>
Source Raz-Plus<br/>
650 ## - SUBJECT ADDED ENTRY--TOPICAL TERM
Topical term or geographic name entry element Non-fiction
Form subdivision Physical science
650 ## - SUBJECT ADDED ENTRY--TOPICAL TERM
Topical term or geographic name entry element Experiments
Form subdivision Air
700 ## - ADDED ENTRY--PERSONAL NAME
Personal name Williams, Claudette
Relator term Author
942 ## - ADDED ENTRY ELEMENTS (KOHA)
Source of classification or shelving scheme Dewey Decimal Classification
Koha item type Books
Suppress in OPAC No
Holdings
Withdrawn status Lost status Source of classification or shelving scheme Damaged status Not for loan Collection Home library Current library Shelving location Date acquired Total Checkouts Full call number Barcode Date last seen Copy number Price effective from Koha item type
    Dewey Decimal Classification     Non-Fiction Footprints International School Library Network Toul Tom Poung Campus Footprints International School Library Network Toul Tom Poung Campus TTP Primary Dark Blue Bookshelves 12/11/2025   EVA 621.132 TL570.E79 FIS01237 12/11/2025 1 12/11/2025 Books